| 000 | 00543nam a22002177a 4500 | ||
|---|---|---|---|
| 003 | OSt | ||
| 005 | 20160425124808.0 | ||
| 008 | 160425b xxu||||| |||| 00| 0 eng d | ||
| 020 | _a0446695688 | ||
| 020 | _a9780446695688 | ||
| 040 | _aSEKU | ||
| 050 |
_aPS 3558 _b.H5 |
||
| 100 | _aHiaasen, Carl | ||
| 245 |
_aSick puppy/ _cCarl Hiaasen |
||
| 260 |
_aNew York : _bWarner Books, _c©1999. |
||
| 300 |
_a447 pages ; _c 21 cm |
||
| 650 | _aEcology -- Fiction. | ||
| 650 | _aFlorida -- Fiction. | ||
| 650 | _aEcology. | ||
| 942 |
_2lcc _cGEN |
||
| 999 |
_c13000 _d13000 |
||